logo

Bir Sreshtho Munshi Abdur Rouf Library
Jhenaidah Cadet College

Nuclear Physics : (Record no. 8401)

MARC details
000 -LEADER
fixed length control field 00711nam a2200253 a 4500
001 - CONTROL NUMBER
JCCL Control Number 8401
003 - CONTROL NUMBER IDENTIFIER
JCCL marc code BD-JhCC
005 - DATE AND TIME OF LATEST TRANSACTION
control field 20180222180138.0
008 - FIXED-LENGTH DATA ELEMENTS--GENERAL INFORMATION
fixed length control field 180222s1994 ii a|||| |||| 001 0 eng d
020 ## - INTERNATIONAL STANDARD BOOK NUMBER
International Standard Book Number 8121904137
035 ## - SYSTEM CONTROL NUMBER
system control number (BD-JhCC)8401
040 ## - CATALOGING SOURCE
Original cataloging agency BD-JhCC
Modifying agency BD-JhCC
041 ## - LANGUAGE CODE
Language code of Book eng
082 ## - DEWEY DECIMAL CLASSIFICATION NUMBER
Classification number 539.705
Author mark and Year GHO 1994
100 ## - MAIN ENTRY--PERSONAL NAME
Personal name Ghoshal, S. N.
245 ## - TITLE STATEMENT
Title Nuclear Physics :
Remainder of title For Undergraduate and Postgraduate Students of Indian Universities /
Statement of responsibility, etc S. N. Ghoshal,
250 ## - EDITION STATEMENT
Edition statement 1st Edi.
260 ## - PUBLICATION, DISTRIBUTION, ETC. (IMPRINT)
Place of publication, distribution, etc New Delhi :
Name of publisher, distributor, etc S. Chanda & Company Ltd.
Date of publication, distribution, etc 1994.
300 ## - PHYSICAL DESCRIPTION
Pagination xvi, 1055 p. :
Other physical details ill. ,
Dimensions 21 cm.
504 ## - BIBLIOGRAPHY, ETC. NOTE
Bibliography, etc Including Index.
650 ## - SUBJECT ADDED ENTRY--TOPICAL TERM
Topical term or geographic name as entry element Nuclear Physics
942 ## - ADDED ENTRY ELEMENTS (KOHA)
Source of classification or shelving scheme Dewey Decimal Classification
Koha item type Books
Holdings
Source of classification or shelving scheme Damaged status Not for loan Home library Current library Shelving location Date of accession Total Checkouts Full call number Barcode Date last seen Date checked out Copy number Koha item type
Dewey Decimal Classification     JCC Rouf Library JCC Rouf Library General Stacks 02/22/2018 1 539.705 GHO 1994 10740 10/20/2025 10/06/2025 C-1 Books

JCC Library | Contacts | JCC Home

Last Update on 23 September 2017
Copyright @ 2017-2020 JCC Rouf Library
Rouf Library, Jhenidah Cadet College (JCC), Bangladesh